<?xml version="1.0" encoding="UTF-8"?>
<record
    xmlns:xsi="http://www.w3.org/2001/XMLSchema-instance"
    xsi:schemaLocation="http://www.loc.gov/MARC21/slim http://www.loc.gov/standards/marcxml/schema/MARC21slim.xsd"
    xmlns="http://www.loc.gov/MARC21/slim">

  <leader>02028nam a2200217 a 4500</leader>
  <controlfield tag="008">0311  t2004||||ag a   g |||| 001 0|spa d</controlfield>
  <datafield tag="020" ind1=" " ind2=" ">
    <subfield code="a">9509807877</subfield>
  </datafield>
  <datafield tag="041" ind1=" " ind2=" ">
    <subfield code="a">spa</subfield>
  </datafield>
  <datafield tag="092" ind1=" " ind2=" ">
    <subfield code="c">725</subfield>
    <subfield code="l">31</subfield>
    <subfield code="s">GUT</subfield>
  </datafield>
  <datafield tag="100" ind1="1" ind2=" ">
    <subfield code="a">Guti&#xE9;rrez, Ram&#xF3;n</subfield>
    <subfield code="9">3352</subfield>
  </datafield>
  <datafield tag="245" ind1=" " ind2=" ">
    <subfield code="a">Monumentos nacionales de la Argentina /</subfield>
    <subfield code="c">Ram&#xF3;n Guti&#xE9;rrez</subfield>
  </datafield>
  <datafield tag="250" ind1=" " ind2=" ">
    <subfield code="a">1a ed.</subfield>
  </datafield>
  <datafield tag="260" ind1=" " ind2=" ">
    <subfield code="a">Buenos Aires: </subfield>
    <subfield code="b">Fondo Nacional de las Artes;</subfield>
    <subfield code="c">2004.</subfield>
  </datafield>
  <datafield tag="300" ind1=" " ind2=" ">
    <subfield code="a">244 p.</subfield>
  </datafield>
  <datafield tag="500" ind1=" " ind2=" ">
    <subfield code="a">Guti&#xE9;rrez, R. (2004). Monumentos nacionales de la Argentina. (1a ed.). Buenos Aires : Fondo Nacional de las Artes.</subfield>
  </datafield>
  <datafield tag="505" ind1=" " ind2=" ">
    <subfield code="a">El Fondo Nacional de las Artes, consciente de la necesidad de preservar las distintas &#xE1;reas del patrimonio art&#xED;stico nacional, lleva adelante, desde 1997, un programa de apoyo financiero y tecnol&#xF3;gico para el relevamiento, inventario y catalogaci&#xF3;n de bienes culturales, con la finalidad de completar la exigua informaci&#xF3;n existente. Esta actividad significo el primer paso para delinear una posterior pol&#xED;tica de salvaguarda de los bienes art&#xED;sticos que, por su excepcional valor, deb&#xED;an ser cuidadosamente conservados y se concreto con la realizaci&#xF3;n de un  sistema de fichado, instalaci&#xF3;n en internet y edici&#xF3;n de diversas publicaciones bibliogr&#xE1;ficas que rescatan, valorizan y difunden las obras de nuestro patrimonio cultural. De este modo, la publicaci&#xF3;n del presente inventario de "Monumentos Nacionales de la Argentina", constituye la cristalizaci&#xF3;n de un proyecto realizado juntamente con el Centro de Documentaci&#xF3;n de Arquitectura Latinoamericana -CEDODAL- y la Comisi&#xF3;n Nacional de Museos, Monumentos y Lugares Hist&#xF3;ricos. Su objetivo fue realizar un relevamiento "in situ" que permitiera recopilar y clasificar informaci&#xF3;n para la preparaci&#xF3;n de una base de datos ordenada y precisa de los monumentos nacionales que integran el patrimonio de la Rep&#xFA;blica Argentina.   </subfield>
  </datafield>
  <datafield tag="590" ind1=" " ind2=" ">
    <subfield code="a">Proyecto 4to libro, donacion Fondo Nacional de las Artes, octubre 2017.</subfield>
  </datafield>
  <datafield tag="655" ind1=" " ind2=" ">
    <subfield code="a">Literatura</subfield>
    <subfield code="9">2917</subfield>
  </datafield>
  <datafield tag="930" ind1=" " ind2=" ">
    <subfield code="a">3990</subfield>
  </datafield>
  <datafield tag="942" ind1=" " ind2=" ">
    <subfield code="2">ddc</subfield>
    <subfield code="c">LIT</subfield>
  </datafield>
  <datafield tag="999" ind1=" " ind2=" ">
    <subfield code="c">2565</subfield>
    <subfield code="d">2565</subfield>
  </datafield>
  <datafield tag="952" ind1=" " ind2=" ">
    <subfield code="0">0</subfield>
    <subfield code="1">0</subfield>
    <subfield code="2">ddc</subfield>
    <subfield code="4">0</subfield>
    <subfield code="7">0</subfield>
    <subfield code="a">BFM</subfield>
    <subfield code="b">BFM</subfield>
    <subfield code="c">CR</subfield>
    <subfield code="d">2017-11-06</subfield>
    <subfield code="e">Donaci&#xF3;n Fondo Nacional de las Artes, Octubre 2017</subfield>
    <subfield code="l">3</subfield>
    <subfield code="o">725 31 GUT</subfield>
    <subfield code="p">4027</subfield>
    <subfield code="r">2019-03-25</subfield>
    <subfield code="s">2019-03-25</subfield>
    <subfield code="t">Ej. 1</subfield>
    <subfield code="w">2017-11-06</subfield>
    <subfield code="y">LIT</subfield>
    <subfield code="z">Proyecto 4to libro. Donaci&#xF3;n Fondo Nacional de las Artes, Octubre 2017</subfield>
  </datafield>
</record>
